<?xml version="1.0" encoding="UTF-8"?>
<record
    xmlns:xsi="http://www.w3.org/2001/XMLSchema-instance"
    xsi:schemaLocation="http://www.loc.gov/MARC21/slim http://www.loc.gov/standards/marcxml/schema/MARC21slim.xsd"
    xmlns="http://www.loc.gov/MARC21/slim">

  <leader>02919cab a2200313Ia 45 0</leader>
  <controlfield tag="001">u212750</controlfield>
  <controlfield tag="003">SIRSI</controlfield>
  <controlfield tag="008">100720s2015    ua     ss b         eng d</controlfield>
  <datafield tag="040" ind1=" " ind2=" ">
    <subfield code="a">EAL</subfield>
  </datafield>
  <datafield tag="041" ind1=" " ind2=" ">
    <subfield code="a">eng</subfield>
    <subfield code="b">ara</subfield>
  </datafield>
  <datafield tag="090" ind1=" " ind2=" ">
    <subfield code="a">ART MUJPPP V6 No4 6</subfield>
  </datafield>
  <datafield tag="100" ind1="1" ind2=" ">
    <subfield code="a">Nour El-Deen, M. A.</subfield>
  </datafield>
  <datafield tag="240" ind1="1" ind2="0">
    <subfield code="a">Mansoura University Journal of plant protection and pathology, 2015 v. 6 (4)</subfield>
    <subfield code="h">[electronic resource].</subfield>
  </datafield>
  <datafield tag="245" ind1="1" ind2="0">
    <subfield code="a">Effect of salselic acid, potassium sulphat, boric acid and ascobein on moving stages of Tetranychus Udicae Koch infesting soybean plants and its yield</subfield>
    <subfield code="h">[electronic resource].</subfield>
  </datafield>
  <datafield tag="246" ind1="1" ind2="5">
    <subfield code="a">&#x62A;&#x623;&#x62B;&#x64A;&#x631; &#x62D;&#x645;&#x636; &#x627;&#x644;&#x633;&#x644;&#x633;&#x64A;&#x644;&#x64A;&#x643; &#x648;&#x643;&#x628;&#x631;&#x64A;&#x62A;&#x627;&#x62A; &#x627;&#x644;&#x628;&#x648;&#x62A;&#x627;&#x633;&#x64A;&#x648;&#x645; &#x648;&#x62D;&#x645;&#x636; &#x627;&#x644;&#x628;&#x648;&#x631;&#x64A;&#x643; &#x648;&#x627;&#x644;&#x627;&#x633;&#x643;&#x648;&#x628;&#x64A;&#x646; &#x639;&#x644;&#x649; &#x627;&#x644;&#x627;&#x637;&#x648;&#x627;&#x631; &#x627;&#x644;&#x645;&#x62A;&#x62D;&#x631;&#x643;&#x629; &#x644;&#x644;&#x639;&#x646;&#x643;&#x628;&#x648;&#x62A; &#x627;&#x644;&#x623;&#x62D;&#x645;&#x631; &#x627;&#x644;&#x630;&#x649; &#x64A;&#x635;&#x64A;&#x628; &#x646;&#x628;&#x627;&#x62A;&#x627;&#x62A; &#x641;&#x648;&#x644; &#x627;&#x644;&#x635;&#x648;&#x64A;&#x627; &#x645;&#x639; &#x62D;&#x633;&#x627;&#x628; &#x643;&#x645;&#x64A;&#x629; &#x627;&#x644;&#x645;&#x62D;&#x635;&#x648;&#x644;.</subfield>
  </datafield>
  <datafield tag="300" ind1=" " ind2=" ">
    <subfield code="a">p.649-662.</subfield>
  </datafield>
  <datafield tag="504" ind1=" " ind2=" ">
    <subfield code="a">Includes reference.</subfield>
  </datafield>
  <datafield tag="520" ind1=" " ind2=" ">
    <subfield code="a">The soybean plants were fertilized with two methods chemical and bio fertilizers and each method soybean plants were sprayed with Vertimec, Salicylic A.; Potassium sulfate (K2S04); Boric acid and Ascobein to reduce the mobile stages of T. urticae and determined the yield in two successive seasons (2013 and 2014). In the first season (2013), soybean plants was fertilized with the chemical fertilizers; the results indicated that Salicylic A. with five concentrations (50, 100, 150, 250 &amp; 300 mg/L),Potassium sulfate with two concentration (5 &amp; 10 mg/L), Boric acid with three concentrations (0.8, 1.2 and 1.6 mgll) and Ascobein 0. 25% reduced the population of the mobile stages of T. urticae comparing with the recommended compound (Vertimec).Statistical analysis of 2013 season showed highly significant differences between the tested natural compounds and seed yield/Feddan. In the second experiment, soybean plants was fertilized with bio and chemical fertilizers; the results indicated that Salicylic A. with five concentrations, Potassium sulfate with two concentration, Boric acid with three concentrations and Ascobein reduced the population of T. urticae comparing with the recommended compound (Vertimec). Statistical analysis of 2013 season show highly significant differences between the tested natural compounds also between the seed yield/Feddan.   Keywords:Soybean, Vertimec, Salicylic A.; K2S04; Boric acid and Ascobein, T. urticea, chemical fertilizers and bio fertilizers.</subfield>
  </datafield>
  <datafield tag="546" ind1=" " ind2=" ">
    <subfield code="a">Summary in Arabic.</subfield>
  </datafield>
  <datafield tag="650" ind1=" " ind2="0">
    <subfield code="a">Two-spotted spider mite.</subfield>
  </datafield>
  <datafield tag="650" ind1=" " ind2="0">
    <subfield code="a">Soybean</subfield>
    <subfield code="x">Diseases and pests.</subfield>
  </datafield>
  <datafield tag="650" ind1=" " ind2="0">
    <subfield code="a">Potassium sulphate.</subfield>
  </datafield>
  <datafield tag="650" ind1=" " ind2="0">
    <subfield code="a">Boric acid</subfield>
    <subfield code="x">Physiological effect.</subfield>
  </datafield>
  <datafield tag="700" ind1="1" ind2=" ">
    <subfield code="a">Azouz, H. A.</subfield>
  </datafield>
  <datafield tag="700" ind1="1" ind2=" ">
    <subfield code="a">Abo-Zid, Amal E.</subfield>
  </datafield>
  <datafield tag="773" ind1="0" ind2=" ">
    <subfield code="t">Mansoura University Journal of Plant Protection and Pathology. </subfield>
    <subfield code="g">2015.v.6(4)</subfield>
    <subfield code="7">nnas</subfield>
    <subfield code="w">u183494</subfield>
  </datafield>
  <datafield tag="856" ind1="4" ind2="0">
    <subfield code="u">http://nile.enal.sci.eg/EALE/2015/MUJPPP/615/4/649.pdf</subfield>
    <subfield code="z">Full Text Article.</subfield>
  </datafield>
  <datafield tag="596" ind1=" " ind2=" ">
    <subfield code="a">1</subfield>
  </datafield>
  <datafield tag="942" ind1=" " ind2=" ">
    <subfield code="c">AR</subfield>
    <subfield code="2">lcc</subfield>
  </datafield>
  <datafield tag="999" ind1=" " ind2=" ">
    <subfield code="c">61468</subfield>
    <subfield code="d">61468</subfield>
  </datafield>
</record>
